00531nam a22001577a 450000500170000001000150001702000260003203500140005803700090007208200110008124501080009226000570020027000760025730000190033370000210035220220314165505.0 aENG-131980 a9789355320414c285.00 aEN-115512 bDBAD a709.54 aArt and Culture:bQuestion Bank For Civil Services Preliminary Examination/cEdited by Vinay Kumar G.B. aChennaibMcGraw Hill Education Private Limitedc2022 aAnjana Complex No. 5/90 A, Butt Road, St. Thomas MountbChennaie600016 avp.c24cm(pbk) aG.B, Vinay Kumar